Cultural Expertise: An Emergent Concept and Evolving Practices (Record no. 11800)
[ view plain ]
| 000 -LEADER | |
|---|---|
| fixed length control field | 00961nam a2200121Ia 4500 |
| 008 - FIXED-LENGTH DATA ELEMENTS--GENERAL INFORMATION | |
| fixed length control field | 220615s9999||||xx |||||||||||||| ||und|| |
| 100 ## - MAIN ENTRY--PERSONAL NAME | |
| Personal name | Holden, Livia |
| 245 #0 - TITLE STATEMENT | |
| Title | Cultural Expertise: An Emergent Concept and Evolving Practices |
| 546 ## - LANGUAGE NOTE | |
| Language note | English[eng] |
| 650 ## - SUBJECT ADDED ENTRY--TOPICAL TERM | |
| Topical term or geographic name entry element | law and culture||human rights||socio-legal studies||court cases||multiculturalism||National Strategy||judiciary||Sweden||indigenous rights||Roma||peyote||FGM/C||strategic litigation||legal anthropology||cultural test||cross-cultural dispute resolution||cultural rights||cultural experts||immigrants||psychiatric evaluation||controlled substances||applied anthropology||law and society||multicultural societies||Sami||First Nations||expert testimony||cultural defense||Italian criminal justice system||culture||migration||criminal anthropology||Italy||Bondo||anthropology of law||cultural expertise||entheogens||experts |
| 856 ## - ELECTRONIC LOCATION AND ACCESS | |
| Uniform Resource Identifier | <a href="https://www.mdpi.com/books/pdfview/book/1973">https://www.mdpi.com/books/pdfview/book/1973</a> |
| 942 ## - ADDED ENTRY ELEMENTS (KOHA) | |
| Koha item type | E-Books |
| Withdrawn status | Lost status | Damaged status | Not for loan | Home library | Current library | Date acquired | Total Checkouts | Date last seen | Price effective from | Koha item type |
|---|---|---|---|---|---|---|---|---|---|---|
| Kerala University of Digital Sciences, Innovation and Technology Knowledge Centre | Kerala University of Digital Sciences, Innovation and Technology Knowledge Centre | 15/06/2022 | 15/06/2022 | 15/06/2022 | E-Books |